2024年プレミア12日本代表選手 - Statistics

General Stats
  • This quiz has been taken 172 times
  • The average score is 16 of 28
Answer Stats
背番号 ポジション 所属球団 選手名 % Correct
15 投手 巨人 大勢
87%
2 内野手 DeNA 牧 秀悟
80%
1 外野手 阪神 森下 翔太
75%
31 捕手 広島 坂倉 将吾
74%
32 捕手 ロッテ 佐藤 都志也
69%
6 内野手 西武 源田 壮亮
69%
16 投手 西武 隅田 知一郎
64%
3 内野手 日本ハム 清宮 幸太郎
64%
20 投手 巨人 戸郷 翔征
62%
51 内野手 広島 小園 海斗
62%
8 外野手 楽天 辰己 涼介
62%
35 投手 阪神 才木 浩人
60%
7 外野手 DeNA 佐野 恵太
60%
19 投手 中日 髙橋 宏斗
56%
9 内野手 楽天 村林 一輝
53%
24 内野手 オリックス 紅林 弘太郎
53%
10 外野手 DeNA 桑原 将志
53%
22 捕手 西武 古賀 悠斗
52%
23 内野手 ソフトバンク 栗原 陵矢
52%
21 投手 楽天 早川 隆久
50%
46 投手 楽天 藤平 尚真
48%
47 投手 ロッテ 鈴木 昭汰
48%
97 投手 巨人 井上 温大
48%
50 投手 中日 清水 達也
47%
56 投手 楽天 鈴木 翔天
44%
5 外野手 日本ハム 五十幡 亮汰
40%
57 投手 日本ハム 北山 亘基
38%
60 投手 ロッテ 横山 陸人
36%
No matching quizzes found
Score Distribution
Percent of People with Each Score
Percentile by Number Answered
Your Score History
You have not taken this quiz